| 000 | 01395cam a2200373 a 4500 | ||
|---|---|---|---|
| 001 | 15875033 | ||
| 003 | OSt | ||
| 005 | 20250120093406.0 | ||
| 008 | 090820t20092008nyua j 000 0 eng d | ||
| 010 | _a 2009281183 | ||
| 020 | _a9780545099387 (pbk.) | ||
| 020 | _a0545099382 (pbk.) | ||
| 035 | _a(OCoLC)ocn294094382 | ||
| 040 |
_aDPL _cDPL _dOCL _dGL9 _dJAG _dOTP _dXY4 _dNPL _dDLC |
||
| 042 | _alccopycat | ||
| 050 | 0 | 0 |
_aPZ7.W51937 _bPnr 2009 |
| 100 | 1 | _aWhitehill, Simcha. | |
| 245 | 1 | 0 |
_aPokémon. _pDiamond and pearl, _pWorld of Sinnoh / _cby Simcha Whitehill. |
| 246 | 3 | 0 | _aDiamond and pearl |
| 246 | 3 | 0 | _aWorld of Sinnoh |
| 260 |
_aNew York : _bScholastic, _c[2009], c2008. |
||
| 300 |
_a96 p. : _bcol. ill. ; _c23 cm. + _e1 poster. |
||
| 490 | 1 | _aPokémon | |
| 520 | _a"Your ultimate travel guide to the newest Pokémon region"--Cover. | ||
| 650 | 0 |
_aPokémon (Fictitious characters) _vJuvenile fiction. |
|
| 650 | 0 |
_aAnimals, Mythical _vJuvenile fiction. |
|
| 650 | 1 |
_aMythical animals _vFiction. |
|
| 650 | 1 |
_aAdventure and adventurers _vFiction. |
|
| 730 | 0 | _aPokémon (Television program) | |
| 830 | 0 | _aPokémon. | |
| 906 |
_a7 _bcbc _ccopycat _d2 _encip _f20 _gy-gencatlg |
||
| 942 | _cBK | ||
| 999 |
_c30410 _d30408 |
||